| 000 | 00757nam a2200289Ia 4500 | ||
|---|---|---|---|
| 001 | 1892 | ||
| 005 | 20240113233520.0 | ||
| 007 | ta | ||
| 008 | 050217s2002 a g b000 u asm u | ||
| 020 | _a81-7206-110-8 | ||
| 040 | _aCotton College,Assam | ||
| 041 | _aasm | ||
| 082 |
_a030 _bSh 11 Ud |
||
| 100 | _aSarma , Baladev . | ||
| 245 | 0 |
_aUdbhid Gyankosh / _cBaladev Sarma. _hTextual Documents |
|
| 250 | _a1st ed. / | ||
| 260 |
_aGuwahati : _bBani Mandir , _c2002. |
||
| 300 |
_a245p. : _bill ; _c26cm. . |
||
| 653 | _aA Treatise on plants in Assamese | ||
| 653 | _aEncyclopaedia-Plant | ||
| 653 | _aG-Computer Science | ||
| 942 |
_2ddc _cBK |
||
| 999 |
_c1885 _d1885 |
||